=LDR 00000nam 2200000 4500 =001 INLIS000000000046940 =005 20240130123104 =035 ##$$a 0010-061500000000029 =008 240130###########################0###### =020 ##$$a 979-462-863-8 =082 ##$$a 410.07 =100 ##$$a Sutopo =245 1#$$a Bahasa dan sastra indonesia untuk SMP/ MTs kelas VIII /$c Maryati =260 ##$$a Jakarta :$b Pusat Perbukuan,$c 2008 =300 ##$$a xii,115 Hlm : $b ilus. ; $c 25 Cm =084 ##$$a 410.07 MAR b =990 ##$$a 20705107